Relacje polsko-niemieckie w urbanonimii Pomorza Szczecińskiego

Titel: Relacje polsko-niemieckie w urbanonimii Pomorza Szczecińskiego / Aleksandra Belchnerowska
Verfasser:
In: Onomastica Slavogermanica, Band 27 (2008), Seite 121-125
alle Artikel anzeigen
Veröffentlicht: 2008
Format: Aufsatz
Sprache: Polnisch
Schlagworte:
Kein Bild verfügbar
X
alg: 20927272
001A    $04505:18-02-09 
001B    $03025:24-09-19 $t15:04:40.000 
001C    $04505:18-02-09 $t12:40:35.000 
001D    $04505:18-02-09 
001U    $0utf8 
001X    $00 
002@    $0Aou 
003@    $0209272724 
007A    $0209272724 $aHEB 
010@    $apol 
011@    $a2008 
021A    $aRelacje polsko-niemieckie w urbanonimii Pomorza Szczecińskiego $hAleksandra Belchnerowska 
028A    $7134180925 $8Belchnerowska, Aleksandra$Z1940- [Tp1] $919781347X 
031A    $d27 $h121-125 $j2008 
039B    $aIn $8--Abvc--. Onomastica Slavogermanica. - Stuttgart ; Leipzig : Hirzel, 1965-. - ISSN 0474-1471 $x200800000270000879 $9047296038 
044K    $RMecklenburg-Vorpommern $#Pommern $#Pommern $#Herzogtum Pommern $#Herzogthum Pommern $#Provinz Pommern $#Pomorze $74046744-2 $8Pommern [Tg1] $9085130354 
044K    $RGeografischer Name $#Toponymy $#Toponymie $#Historischer Ortsname $#Siedlungsname $#Toponym $#Toponymikon $#Ortsnamen $74043950-1 $8Ortsname [Ts1] $9085122882 
045T    $a7,11 $a7,39 
045T    $aLING $qDE-30 $2FID 
045T    $aGER $qDE-30 $2FID 
045W    $801.01.01$jDeutsch [Tkv] $9133070158 
045W    $801.07.10$jPolnisch [Tkv] $9133118894 
045W    $804.07.06$jOrtsnamen [Tkv] $9133073769 
045W    $803.16.12$jNamenpaar [Tkv] $9133098494 
045W    $804.07.33$jSlawische Namen [Tkv] $9133122786 

lok: 20927272 64

exp: 20927272 64 1 #EPN
201B/01 $018-02-09 $t12:40:35.000 
201C/01 $018-02-09 
201U/01 $0utf8 
203@/01 $0567549585 
208@/01 $a18-02-09 $be 
209A/01 $a0 $f000 $x00 
209B/01 $a34 $x05 
247C/01 $8Frankfurt, Bibliographie Linguistischer Literatur $9129368261 

lok: 20927272 78

exp: 20927272 78 1 #EPN
201B/01 $024-09-19 $t11:43:57.000 
201C/01 $024-09-19 
201U/01 $0utf8 
203@/01 $01061349578 
208@/01 $a24-09-19 $be 
209A/01 $a/ $f000 $x00 
209A/01 $ab*p $x01 
220C/01 $aeja 
244Z/01 $#Generalgouvernement Polen $#Polska $#Rzeczpospolita Polska $#Polska Rzeczpospolita Ludowa $#Poland $#Pologne $#République Polonaise $#Generalne Gubernatorstwo w Polsce $#Polish People's Republic $#Polska Rzeczpospolita Polen $#PRL $#RP $#Polen Generalgouvernement $#Polska Generalgouvernement $#Besetzte Polnische Gebiete $#Besetztes Gebiet in Polen $#Okupowane Polskie Obszary $#Obszary Okupowane w Polsce $#Volksrepublik Polen $#Polska Rosyjska $#Republic Polen $#Respublika Pol'ša $#Pol'skaja Narodnaja Respublika $#République de Pologne $#Polen Links der Weichsel $#Polska po Lewej Stronie Wisły $#Lenkija $#Polija $#Gubernija Carstva Pol'skago $#Republik Polen $74046496-9 $8--Tg1--Polen $x01 $9085129801 
244Z/01 $#Pommern $#Pommern $#Herzogtum Pommern $#Herzogthum Pommern $#Provinz Pommern $#Pomorze $74046744-2 $8--Tg1--Pommern $x06 $9085130354 
247C/01 $82080>Marburg/Lahn, Herder-Institut, Forschungsbibliothek, Bibliographieportal $9336309341
LEADER 00000caa a2200000 c 4500
001 209272724
003 DE-603
005 20190924150440.0
007 tu
008 090218s2008 xx |||| | u00||u|pol c
035 |a (DE-599)HEB209272724 
040 |a DE-603  |b ger  |c DE-603  |d DE-603 
041 |a pol 
084 |a 7,11  |a 7,39  |2 ssgn 
084 |a LING  |q DE-30  |2 fid 
084 |a GER  |q DE-30  |2 fid 
100 1 |a Belchnerowska, Aleksandra  |d 1940-  |0 (DE-603)19781347X  |0 (DE-588)134180925  |2 gnd 
245 0 0 |a Relacje polsko-niemieckie w urbanonimii Pomorza Szczecińskiego  |c Aleksandra Belchnerowska 
264 0 |c 2008 
650 7 |a Ortsname  |0 (DE-588)4043950-1  |0 (DE-603)085122882  |2 gnd 
651 7 |a Pommern  |0 (DE-588)4046744-2  |0 (DE-603)085130354  |2 gnd 
773 0 8 |i In  |t Onomastica Slavogermanica  |d Stuttgart ; Leipzig : Hirzel, 1965-  |h 24 cm  |x 0474-1471  |g Band 27 (2008), Seite 121-125  |w (DE-603)047296038  |w (DE-600)207370-5 
924 0 |9 603  |a (DE-603)567549585  |b DE-603  |c HES  |d d 
924 0 |9 2080  |a (DE-603)1061349578  |b DE-2080  |c HES  |d d  |g /